| 000 | 00604nam a2200181 a 4500 | ||
|---|---|---|---|
| 001 | 000032722 | ||
| 005 | 20200930065809.0 | ||
| 008 | 110725s1996 dr 000 0 spa d | ||
| 040 |
_aDO-SdBNP _bspa _cBNPHU |
||
| 100 | 1 |
_aLeón Silverio, Oscar de _958577 |
|
| 245 | 1 | 0 |
_aNostalgia de lo eterno / _cOscar de León Silverio. |
| 260 |
_aSanto Domingo : _bAteneo Insular, _c1996 _fEditora Teófilo |
||
| 300 |
_a100 p. ; _c22 cm. |
||
| 490 | 1 |
_aInsulas extrañas _v2 |
|
| 590 | _aPerteneció a la biblioteca personal de Juan Isidro Jimenes Grullón | ||
| 830 | 0 |
_aInsulas extrañas _n2 _958578 |
|
| 049 | _aBNPD | ||
| 999 |
_c32213 _d32213 |
||